|
|
|
|
| LEADER |
00000cam a2200000 7i4500 |
| 001 |
0000016184 |
| 005 |
20080423.0 |
| 008 |
230408 |
| 020 |
|
|
|a 9676118095
|
| 090 |
0 |
0 |
|a 499.2309
|b ABD
|
| 100 |
1 |
|
|a Abdul Rashid Melebek
|
| 245 |
1 |
0 |
|a Sejarah bahasa melayu
|c By Abdul Rashid Melebek & Amat Juhari Moain
|
| 260 |
|
|
|a Kuala Lumpur :
|b Utusan Publications & Distributors ,
|c 2006
|
| 440 |
|
|
|a Siri pengajian dan pendidikan utusan
|
| 650 |
|
0 |
|a Malay language
|x History
|
| 700 |
1 |
|
|a Amat Juhari Moain
|
| 999 |
|
|
|a 0000940070
|b Book
|c Adult Collection
|e Cawangan Taman Sri Lambak
|
| 999 |
|
|
|a 0000940072
|b Book
|c Adult Collection
|e Cawangan Taman Sri Lambak
|
| 999 |
|
|
|a 0001012960
|b Book
|c Adult Collection
|e Cawangan Bandar Tenggara
|
| 999 |
|
|
|a 0001012961
|b Book
|c Adult Collection
|e Cawangan Mersing
|
| 999 |
|
|
|a 0001012962
|b Book
|c Adult Collection
|e Cawangan Muar
|
| 999 |
|
|
|a 0001012963
|b Book
|c Adult Collection
|e Perbadanan Perpustakaan Awam Johor
|
| 999 |
|
|
|a 0001012964
|b Book
|c Adult Collection
|e Cawangan Kota Tinggi
|
| 999 |
|
|
|a 0001016207
|b Book
|c Adult Collection
|e Cawangan AEON Kulaijaya
|
| 999 |
|
|
|a 0001016208
|b Book
|c Adult Collection
|e Cawangan Mersing
|